书目信息 |
| 题名: |
中国区域金融运行报告
|
|
| 作者: | ;中国人民银行货币政策分析小组 编 | |
| 分册: | 2021 | |
| 出版信息: | 北京 中国金融出版社 2021.10 |
|
| 页数: | 654页 | |
| 开本: | 29cm | |
| 丛书名: | ||
| 单 册: | ||
| 中图分类: | F832.7 | |
| 科图分类: | ||
| 主题词: | 区域金融--qu yu jin rong--金融运行--研究报告--中国--2021 | |
| 电子资源: | ||
| ISBN: | 978-7-5220-1349-7 | |
| 000 | 01328nam 2200229 450 | |
| 001 | CAL 0120227354248 | |
| 005 | 20230307174908.58 | |
| 010 | @a978-7-5220-1349-7@dCNY218.00 | |
| 100 | @a20220323d2021 em y0chiy0120 ea | |
| 101 | 0 | @achi |
| 102 | @aCN@b110000 | |
| 105 | @aak z 000yy | |
| 106 | @ar | |
| 200 | 1 | @a中国区域金融运行报告@Azhong guo qu yu jin rong yun xing bao gao@h2021@f中国人民银行货币政策分析小组 |
| 210 | @a北京@c中国金融出版社@d2021.10 | |
| 215 | @a654页@c彩图@d29cm | |
| 330 | @a本书分为主报告和分报告两块。主报告介绍了2020年我国区域金融运行情况及区域经济运行情况, 并对2021年我国区域经济与金融发展进行了展望。金融运行情况包括银行业、证券业、保险业、资金流向和融资机构、金融改革创新和金融生态环境建设。经济运行情况包括消费、投资、净出口和政府支出, 产出和供给, 生态文明建设, 价格和劳动力成本, 主要行业发展, 主要经济圈发展。分报告从银行业、证券业、保险业、金融市场和金融生态环境建设等方面介绍了各省份的金融运行情况, 从经济增长、各产业发展、各要素价格、财政收支状况、生态环境建设、房地产业发展等方面介绍了各省份的经济运行情况。 | |
| 606 | 0 | @a区域金融@Aqu yu jin rong@x金融运行@x研究报告@y中国@z2021 |
| 690 | @aF832.7@v5 | |
| 711 | 02 | @a中国人民银行货币政策分析小组@Azhong guo ren min yin hang huo bi zheng ce fen xi xiao zu@4编 |
| 801 | 0 | @aCN@bBJXHZP@c20230228 |
| 905 | @b1408294-6@dF832.7@e194(2021)@f3 | |
| 中国区域金融运行报告.2021/中国人民银行货币政策分析小组.-北京:中国金融出版社,2021.10 |
| 654页:彩图;29cm |
| ISBN 978-7-5220-1349-7:CNY218.00 |
| 本书分为主报告和分报告两块。主报告介绍了2020年我国区域金融运行情况及区域经济运行情况, 并对2021年我国区域经济与金融发展进行了展望。金融运行情况包括银行业、证券业、保险业、资金流向和融资机构、金融改革创新和金融生态环境建设。经济运行情况包括消费、投资、净出口和政府支出, 产出和供给, 生态文明建设, 价格和劳动力成本, 主要行业发展, 主要经济圈发展。分报告从银行业、证券业、保险业、金融市场和金融生态环境建设等方面介绍了各省份的金融运行情况, 从经济增长、各产业发展、各要素价格、财政收支状况、生态环境建设、房地产业发展等方面介绍了各省份的经济运行情况。 |
| ● |
| 相关链接 |
|
|
|
|
正题名:中国区域金融运行报告
索取号:F832.7/194(2021)
 
预约/预借
| 序号 | 登录号 | 条形码 | 馆藏地/架位号 | 状态 | 备注 |
| 1 | 1408294 | 214082945 | 第一样本阅览室/ [索取号:F832.7/194(2021)] | 在馆 | |
| 2 | 1408295 | 214082954 | 第一借阅区/ [索取号:F832.7/194(2021)] | 在馆 | |
| 3 | 1408296 | 214082963 | 第一借阅区/ [索取号:F832.7/194(2021)] | 在馆 |